| 000 | 00937nam a2200277Ia 4500 | ||
|---|---|---|---|
| 005 | 20211105120417.0 | ||
| 008 | 130821s2011 ck a gr spa | ||
| 020 | _a9789587621631 (2a.Ed.) | ||
| 020 | _a9789588675916 | ||
| 040 |
_aCo-BoUCM _bspa _cSaul Niño (Modificó) _d[Nuevo] |
||
| 041 | 0 | 0 | _aspa |
| 100 | 1 |
_aPlazas Rojas, Fabio _991442 |
|
| 245 | 1 | 0 |
_aInvestigación de mercados _bun enfoque gerencial _cFabio Plazas Rojas |
| 250 | _aSegunda edición | ||
| 260 |
_aBogotá (Colombia) _bEdiciones de la U _c2013 |
||
| 300 |
_a186 páginas _bgráficas, tablas |
||
| 490 | 0 | _aMercadeo | |
| 490 | 0 | _aMarketing | |
| 650 | 0 | 4 |
_aAdministración de empresas _9435 |
| 650 | 0 | 4 |
_aAnálisis de mercadeo _98962 |
| 650 | 0 | 4 |
_aComportamiento del consumidor _911290 |
| 650 | 0 | 4 |
_aMercadeo _xInvestigaciones _938377 |
| 650 | 0 | 4 |
_aPublicidad _922914 |
| 942 |
_cLIBRO _a16 _e2 _mP723i _2DEWEY _h658.83 |
||
| 999 |
_c41078 _d41078 |
||